000 01015cam a2200253 i 4500
005 20200104041533.0
008 980520s1999 dcuab b 101 0 eng
020 _a1559635436 (cloth : alk. paper)
020 _a1559635444 (pbk. : alk. paper)
040 _aDLC
_cDLC
_dDLC
_dCO-BoIAVH
041 0 _aeng
082 0 4 _a333.9516
_bP89p
245 0 0 _aPractical approaches to the conservation of biological diversity /
_cedited by Richard K. Baydack, Henry Campa III, and Jonathan B. Haufler.
260 _aWashington, D.C. :
_bIsland Press,
_cc1999.
300 _axiv, 313 páginas :
_bilustraciones y mapas ;
_c24 cm.
504 _aIncluye referencias bibliográficas e índice.
650 1 4 _aConservación de la diversidad biológica
650 2 4 _aDiversidad biolólogica
650 2 4 _aProtección del medio ambiente
700 1 _aBaydack, Richard Kenith,
_eeditor.
700 1 _aCampa, Henry,
_eeditor.
700 1 _aHaufler, Jonathan B,
_eeditor.
942 _2ddc
_cLIBRO
999 _c2555
_d2555